| 000 | 00760nam a22002657a 4500 | ||
|---|---|---|---|
| 001 | BR9210041 | ||
| 003 | BR-BrBNA | ||
| 005 | 20230928095105.0 | ||
| 007 | ta | ||
| 008 | 230509b bl.||||| |||| 00| 0 por d | ||
| 040 |
_aBR-BrBNA _bpor _cBiblioteca Nacional de Agricultura |
||
| 041 | _a(Por) | ||
| 072 |
_aF01 _b1480 _b0336 |
||
| 090 | _ 1480 BR9210041 | ||
| 100 | 1 | _aMenegario, A. | |
| 110 | 1 |
_aSecretaria da Agricultura do Estado de Sao Paulo, Campinas (Brasil). Depto. de Producao Vegetal _98230 |
|
| 245 | 1 | _aLeguminosas forrageiras | |
| 260 | 3 |
_aCampinas, SP (Brasil): _c1966. |
|
| 300 | _a49 p. | ||
| 650 | _aLeguminosa Forrageira | ||
| 650 | _aPratica Cultural | ||
| 650 | _aAdubacao | ||
| 909 |
_a202309 _bLucia _c55 _dLucia Elande |
||
| 942 | _cBK | ||
| 999 |
_c54468 _d54468 |
||